| 000 | 00685nam a2200217Ii 4500 | ||
|---|---|---|---|
| 003 | JO-AjNU | ||
| 008 | 230605s9999||||xx |||||||||||||| ||und|| | ||
| 017 | _a2013/10/3800 | ||
| 040 |
_aJO-AjNU _bara _erda _cJO-AjNU |
||
| 041 | _aara | ||
| 050 | 1 | 4 | _aPN1031 2014 |
| 100 | 3 |
_aحلاسة، عمار, _eauthor _950317 |
|
| 245 | 0 | 0 | _aنظرية الشعر |
| 250 | _aط1 | ||
| 264 | 3 | 1 | _aعمان: شركة دار البيروني للنشر والتوزيع، 2014 |
| 300 | _a162ص | ||
| 336 |
_atext _btxt _2rdacontent |
||
| 337 |
_aunmediated _bn _2rdamedia |
||
| 338 |
_avolume _bnc _2rdacarrier |
||
| 650 | 4 |
_aالشعر العربي - تحليل ونقد - نظريات _950318 |
|
| 999 |
_aA22157 _c25725 _d25725 |
||